| 000 | 01016cam a2200289 4500 | ||
|---|---|---|---|
| 001 | 1714725 | ||
| 003 | OSt | ||
| 005 | 20231004124430.0 | ||
| 008 | 730515s1973 nyua b 001 0 eng | ||
| 010 | _a 72006329 | ||
| 020 | _a9780470247662 | ||
| 040 |
_aDLC _cDLC _dDLC |
||
| 050 | 0 | 0 |
_aQK711.2 _b.I57 1973 |
| 082 | 0 | 0 | _a571.2 HOP 2009 |
| 245 | 0 | 0 |
_aIntroduction to plant physiology _cHopkins,G.William;Hiiner,P.A Norman; |
| 250 | _a4th ed.] | ||
| 260 |
_aLondon, _bWiley, _c2009. |
||
| 300 |
_avii,503p; _bill, _c29cm. |
||
| 500 | _aFirst ed. (1960) by B. S. Meyer, D. B. Anderson, and R. H. Böhning. | ||
| 504 | _aIncludes index and Glossaries. | ||
| 650 | 0 |
_aPlant physiology. _96089 |
|
| 700 | 1 |
_aMeyer, Bernard S. _q(Bernard Sandler), _d1901-1987 _916700 |
|
| 700 | 1 |
_aMeyer, Bernard S. _q(Bernard Sandler), _d1901-1987. _tIntroduction to plant physiology. _916701 |
|
| 906 |
_a7 _bcbc _corignew _d2 _eocip _f19 _gy-gencatlg |
||
| 942 |
_2ddc _cO_SHELF |
||
| 999 |
_c8180 _d8180 |
||